Logo BPK

Biblioteka

Politechniki Koszalińskiej

Metody taksonomii numerycznej w modelowaniu zjawisk społeczno-gospodarczych / (Rekord nr 28880)

Szczegóły MARC
000 -ETYKIETA REKORDU
podpole kontrolne o stałej długości 00691nam a2200217 i 4500
001 - NUMER KONTROLNY REKORDU
pole kontrolne bg
020 ## - MIĘDZYNARODOWY ZNORMALIZOWANY NUMER KSIĄŻKI - ISBN
ISBN 8301085967
040 ## - ŹRÓDŁO KATALOGOWANIA
Instytucja, która utworzyła rekord BPK
041 ## - KOD JĘZYKA
Kod języka tekstu pol
080 ## - UNIWERSALNA KLASYFIKACJA DZIESIĘTNA - UKD
UKD 330.115
920 ## - Międzynarodowy znormalizowany numer książki – ISBN
ISBN 83-01-08596-7
008 - POLE O STAŁEJ DŁUGOŚCI - DANE KONTROLNE
podpole kontrolne o stałej długości s pl f |000 0 pol
100 1# - NAZWA OSOBOWA
Nazwa osobowa GRABIŃSKI, Tadeusz
245 #0 - TYTUŁ/ODPOWIEDZIALNOŚĆ
Tytuł Metody taksonomii numerycznej w modelowaniu zjawisk społeczno-gospodarczych /
Pozostałe elementy strefy tytułu i oznaczenia odpowiedzialności Tadeusz Grabiński, Stanisław Wydymus, Aleksander Zeliaś ; pod red. nauk. A. Zeliasia.
260 ## - STREFA ADRESU WYDAWNICZEGO
Miejsce wydania Warszawa :
Nazwa wydawcy/dystrybutora Państ. Wydaw. Naukowe,
Data publikacji, dystrybucji/powstania dokumentu 1989.
300 ## - STREFA OPISU FIZYCZNEGO
Objętość 278, [1] s. ;
Rozmiary 21 cm.
504 ## - UWAGA DOTYCZĄCA BIBLIOGRAFII
Informacje o bibliografii Bibliogr. s. 126-276.
700 1# - HASŁO DODATKOWE - NAZWA OSOBOWA
Nazwa osobowa WYDYMUS, Stanisław
700 1# - HASŁO DODATKOWE - NAZWA OSOBOWA
Nazwa osobowa ZELIAŚ, Aleksander
856 ## - LOKALIZACJA I DOSTĘP DO ELEKTRONICZNYCH DOKUMENTÓW ZDALNYCH
Link (URL) http://koha.tu.koszalin.pl/cgi-bin/koha/opac-detail.pl?biblionumber=28880
Tekst linku Katalog online BPK
942 ## - DODATKOWE ELEMENTY (KOHA)
Typ dokumentu Książka
Egzemplarze
Wycofany Status egzemplarza Uszkodzony Dostępność Lokalizacja stała Lokalizacja bieżąca Miejsce przechowywania Sygnatura Kod kreskowy Status: wypożyczony Typ dokumentu
      Dostępny Biblioteka Politechniki Koszalińskiej Biblioteka Politechniki Koszalińskiej Wypożyczalnia BG 34812 01372298 15.05.2027 Książka
© 2023 Biblioteka Politechniki Koszalińskiej :: KOHA